000 00297nam a22001217a 4500
008 160506b xxu||||| |||| 00| 0 eng d
020 _a9781416056751
020 _a9781416056751
041 _aeng
080 _a61
245 _aEssentials of medical assisting:
_cDiane M. Klieger;
942 _2udc
_cBK
999 _c1863
_d1863